000 00485nam a2200181Ia 4500
005 20250508154015.0
008 008 250505s9999 xx 000 0 eng d
037 _aTextual
040 _aFEDL
_beng
_cFEDL
041 _aeng
_2eng
084 _aB, STA
_qFEDL
100 _aStanislavsky Konstantin
_9764841
245 0 _aMy life in art
260 _aMoscow
_bForeign Languages Publishing House
300 _a503p.
942 _cTEXL
_hB, STA
999 _c1346987
_d1346987